UBT Library

Government and not-for-profit accounting : (Record no. 40925)

000 -LEADER
fixed length control field 00804cam a2200253 a 4500
001 - CONTROL NUMBER
control field 14584014
005 - DATE AND TIME OF LATEST TRANSACTION
control field 20180125065749.0
008 - FIXED-LENGTH DATA ELEMENTS--GENERAL INFORMATION
fixed length control field 061005s2007 njua b 001 0 eng
010 ## - LIBRARY OF CONGRESS CONTROL NUMBER
LC control number 2006032714
020 ## - INTERNATIONAL STANDARD BOOK NUMBER
International Standard Book Number 9780470087343 (cloth/cdrom)
020 ## - INTERNATIONAL STANDARD BOOK NUMBER
International Standard Book Number 047008734X (cloth/cdrom)
035 ## - SYSTEM CONTROL NUMBER
System control number (OCoLC)ocm72161844
040 ## - CATALOGING SOURCE
Original cataloging agency DLC
Transcribing agency DLC
Modifying agency BAKER
-- C#P
-- YDXCP
-- YDX
-- DLC
041 ## - LANGUAGE CODE
Language code of text/sound track or separate title eng
043 ## - GEOGRAPHIC AREA CODE
Geographic area code n-us---
080 ## - UNIVERSAL DECIMAL CLASSIFICATION NUMBER
Universal Decimal Classification number 657..835 mic
082 00 - DEWEY DECIMAL CLASSIFICATION NUMBER
Classification number 657..835 mic
Edition number 22
100 1# - Rafti
Rafti 62
101 ## - Shkurtesa
Shkurtesa kon
245 10 - TITLE STATEMENT
Title Government and not-for-profit accounting :
Statement of responsibility, etc Michael H. Granof.
906 ## - LOCAL DATA ELEMENT F, LDF (RLIN)
a 7
b cbc
c orignew
d 1
e ecip
f 20
g y-gencatlg
942 ## - ADDED ENTRY ELEMENTS (KOHA)
Source of classification or shelving scheme
Item type Books
Holdings
Withdrawn status Lost status Source of classification or shelving scheme Damaged status Not for loan Collection code Permanent location Current location Shelving location Date acquired Total Checkouts Full call number Barcode Date last seen Price effective from Koha item type
          Koleksioni i përgjithshem UBT - Lipjan UBT - Lipjan Koleksioni i përgjithshem 01/25/2018   657..835 mic 002-2996566 01/25/2018 01/25/2018 Books
UBT Library © 2015-2024. All rights reserved University Education for Business and Technology